000 00297nam a2200121Ia 4500
008 190216s9999||||xx |||||||||||||| ||und||
100 _aJindal S L
245 0 _aFlowering Shrubs In India
260 _bPublications Division Govt. Of India
_c1982
300 _a128p
650 _aBotany
942 _cBK
999 _c1128
_d1128